000 00917nmc a2200325 a 4500
003 AR-BaBNM
005 20251128205341.0
008 011101s1992 ||||||||||||||000 | spa||
020 _a84-7774-084-4
040 _cAR-BaBNM
100 1 _aKamii, Constance Kazuko
245 1 0 _aReinventando la aritmética
_n2
260 _aMadrid
_bVisor
_c1992
300 _a220 p.
_btablas, il.
490 0 _aAprendizaje
_vv. 84
500 _aIndice temático: p. 215-220
504 _aBibliografía: p. 211-213
650 4 _aENSENANZA DE LAS MATEMATICAS
650 4 _aMATEMATICA
650 4 _aARITMETICA
650 4 _aMETODOS DE ENSENANZA
650 4 _aACTIVIDADES DE APRENDIZAJE
650 4 _aJUEGOS EDUCATIVOS
653 _aOPERACIONES MATEMATICAS
700 1 _aJiménez, Begoña
_etraductor
800 1 _aAlvarez, Amelia
_edirector
800 1 _aDel Río, Pablo
_edirector
942 _cBK
998 _csilvi
999 _c11042
_d11042